Sadzby daní z príjmov právnických osôb v štátoch OECD sa stabilizujú, avšak nevyrovnávajú

Prehľad daňových sadzieb v krajinách OECD. Priemerná sazdba predstavuje necelých 38 percent. Sadzby v jednotlivých štátoch sa pohybujú od 28 do 59 percent. Vysoké sadzby priamych daní jednotlivé štáty kompenzujú nízkymi sadzbami daní nepriamych a naopak.

Salvato in:
Dettagli Bibliografici
Autore principale: Damstra, B.
Natura: Capitolo di libro
Lingua:slovacco
Soggetti:
Tags: Aggiungi Tag
Nessun Tag, puoi essere il primo ad aggiungerne!!

MARC

LEADER 00000naa a2200000 4500
001 r019958
005 20230921074337.3
041 0 |a slo 
044 |a SK 
245 1 0 |a Sadzby daní z príjmov právnických osôb v štátoch OECD sa stabilizujú, avšak nevyrovnávajú  |c B. Damstra 
520 |a Prehľad daňových sadzieb v krajinách OECD. Priemerná sazdba predstavuje necelých 38 percent. Sadzby v jednotlivých štátoch sa pohybujú od 28 do 59 percent. Vysoké sadzby priamych daní jednotlivé štáty kompenzujú nízkymi sadzbami daní nepriamych a naopak. 
610 2 0 |a OECD 
610 2 0 |a krajiny vyspelé 
610 2 0 |a 1996 
610 2 0 |a údaje štatistické 
610 2 0 |a sadzby daňové 
610 2 0 |a osoby právnické 
610 2 0 |a dane priame 
610 2 0 |a dane nepriame 
610 2 0 |a dane z príjmov 
610 2 0 |a dane 
100 1 |a Damstra, B.